000 00752cam a22002651 4500
008
020 _a0304317349 (pbk. )
049 _aMAIN
050 0 0 _aT50 GAL
100 1 _aGalyer, J. F. W.
245 1 0 _aMetrology for engineers /
_cby J. F. W. Galyer and C. R. Shotbolt.
250 _a5th ed.
260 _aLondon :
_bCassell
_c1990
300 _av, 291 p. :
_bill. ;
_c25 cm.
440 2 _aA Cassell technical book.
500 _aIncludes index.
504 _aIncludes bibliographical references.
650 0 _aMensuration.
700 1 _aShotbolt, C. R.,
_ejoint author.
907 _a.b10170534
_b31-01-07
_c10-08-05
003
005 20230123134045.0
040 _cNUST
942 _cBOOKS
999 _c159279
_d159279